00585cam a22002292 4500001001100000005001700011008004100028020002800069040001500097050002100112100003400133245008100167250001200248260003300260300001700293650003000310852000300340852000300343852000300346852000300349852000300352000000129020151021151052.0070302s xx 000 0 eng d a0333778227 :cGBP 36.99 aKABUcKABU 0aHB139b.K68 19771 aKoutsoyiannis, A.@000014992410aTheory of econometrics :ban introductory exposition of econometric methods. a2nd ed. aNew York :bPalgrave,c1977. axvii, 681 p. 0aEconometrics.@00001482751 1 1 1 1